| 000 -LEADER |
| fixed length control field |
01523 a2200337 4500 |
| 003 - CONTROL NUMBER IDENTIFIER |
| control field |
OSt |
| 005 - DATE AND TIME OF LATEST TRANSACTION |
| control field |
20180116192353.0 |
| 008 - FIXED-LENGTH DATA ELEMENTS--GENERAL INFORMATION |
| fixed length control field |
120601t xxu||||| |||| 00| 0 eng d |
| 010 ## - LIBRARY OF CONGRESS CONTROL NUMBER |
| LC control number |
2007032452 |
| 020 ## - INTERNATIONAL STANDARD BOOK NUMBER |
| International Standard Book Number |
9780073526485 (set : alk. paper) |
| 020 ## - INTERNATIONAL STANDARD BOOK NUMBER |
| International Standard Book Number |
0073526487 (set : alk. paper) |
| 020 ## - INTERNATIONAL STANDARD BOOK NUMBER |
| International Standard Book Number |
9780073327303 (v. 1 : alk. paper) |
| 020 ## - INTERNATIONAL STANDARD BOOK NUMBER |
| International Standard Book Number |
0073327301 (v. 1 : alk. paper) |
| 020 ## - INTERNATIONAL STANDARD BOOK NUMBER |
| International Standard Book Number |
9780073327310 (v. 2 : alk. paper) |
| 020 ## - INTERNATIONAL STANDARD BOOK NUMBER |
| International Standard Book Number |
007332731X (v. 2 : alk. paper) |
| 040 ## - CATALOGING SOURCE |
| Transcribing agency |
0 |
| 082 00 - DEWEY DECIMAL CLASSIFICATION NUMBER |
| Classification number |
745.4 |
| 100 1# - MAIN ENTRY--PERSONAL NAME |
| Personal name |
Stewart, Mary, |
| 9 (RLIN) |
3397 |
| 245 10 - TITLE STATEMENT |
| Title |
Launching the imagination : |
| Remainder of title |
a comprehensive guide to basic design / |
| Statement of responsibility, etc. |
Mary Stewart. |
| 250 ## - EDITION STATEMENT |
| Edition statement |
3rd ed. |
| 260 ## - PUBLICATION, DISTRIBUTION, ETC. |
| Place of publication, distribution, etc. |
Boston : |
| Name of publisher, distributor, etc. |
McGraw-Hill Higher Education, |
| Date of publication, distribution, etc. |
c2008. |
| 300 ## - PHYSICAL DESCRIPTION |
| Extent |
xxiii, 400 p. : |
| Other physical details |
ill. (mostly col.) ; |
| Dimensions |
28 cm. |
| 500 ## - GENERAL NOTE |
| General note |
Also issued in parts titled: Launching the imagination : A comprehensive guide to two-dimensional design, and Launching the imagination : A comprehensive guide to three-dimensional design. |
| 650 10 - SUBJECT ADDED ENTRY--TOPICAL TERM |
| Topical term or geographic name entry element |
Design. |
| 9 (RLIN) |
3398 |
| 650 10 - SUBJECT ADDED ENTRY--TOPICAL TERM |
| Topical term or geographic name entry element |
Time Design Graphics |
| 9 (RLIN) |
3399 |
| 856 41 - ELECTRONIC LOCATION AND ACCESS |
| Materials specified |
Table of contents only |
| Uniform Resource Identifier |
<a href="http://www.loc.gov/catdir/enhancements/fy0743/2007032452-t.html">http://www.loc.gov/catdir/enhancements/fy0743/2007032452-t.html</a> |
| 856 41 - ELECTRONIC LOCATION AND ACCESS |
| Materials specified |
Contributor biographical information |
| Uniform Resource Identifier |
<a href="http://www.loc.gov/catdir/enhancements/fy0743/2007032452-b.html">http://www.loc.gov/catdir/enhancements/fy0743/2007032452-b.html</a> |
| 856 41 - ELECTRONIC LOCATION AND ACCESS |
| Materials specified |
Publisher description |
| Uniform Resource Identifier |
<a href="http://www.loc.gov/catdir/enhancements/fy0743/2007032452-d.html">http://www.loc.gov/catdir/enhancements/fy0743/2007032452-d.html</a> |
| 942 ## - ADDED ENTRY ELEMENTS (KOHA) |
| Institution code [OBSOLETE] |
SADA |
| Koha item type |
Book |
| Call number prefix |
745.4 STE 2008 |
| Source of classification or shelving scheme |
|